[Event "4NCL 3 North pool A"]
[Site "Wakefield, ENG ENG"]
[Date "2016.02.13"]
[Round "5.56"]
[White "Collins, Richard A"]
[Black "Richardson, Alex"]
[Result "0-1"]
[WhiteElo "1930"]
[BlackElo "2115"]
[PlyCount "156"]
[EventDate "2016.02.13"]
[WhiteTeam "Manchester Manticores 3"]
[BlackTeam "Cheddleton 2"]

1. d4 e6 2. c4 Nf6 3. Nc3 Bb4 4. Qc2 c5 5. Nf3 cxd4 6. Nxd4 Nc6 7. Nxc6 bxc6 8.
Bd2 O-O 9. e3 d5 10. a3 Bd6 11. cxd5 cxd5 12. Be2 Qc7 13. h3 e5 14. Rc1 Bd7 15.
Nb5 Qxc2 16. Rxc2 Be7 17. b4 Rfc8 18. Rxc8+ Rxc8 19. Nc3 d4 20. exd4 exd4 21.
Nb5 Ne4 22. Nxd4 Bf6 23. Be3 Bxd4 24. Bxd4 Rc1+ 25. Bd1 Bb5 26. f3 Ng3 27. Rg1
a6 28. Kd2 Rc8 29. Bc5 Rd8+ 30. Ke1 h5 31. Be3 Nf1 32. Bc5 h4 33. a4 Bc4 34.
Bb3 Bxb3 35. Kxf1 Bxa4 36. Ke2 Bb5+ 37. Ke3 f6 38. Kf4 Kf7 39. g3 g5+ 40. Kf5
Bd3+ 41. Kg4 Rh8 42. Rd1 Bc4 43. gxh4 Be6+ 44. Kg3 Rxh4 45. Rh1 Kg6 46. Bd6 Rd4
47. Bc5 Rh4 48. Bd6 Bd5 49. Ra1 Bb7 50. Ra2 Rd4 51. Bc5 Rd3 52. Rf2 f5 53. Rf1
Kh5 54. Rf2 Bd5 55. Be7 Rc3 56. Bc5 a5 57. Be7 a4 58. Rf1 a3 59. b5 a2 60. Bf6
Rb3 61. Rd1 Bxf3 62. Rc1 Bd5+ 63. Kh2 Rxb5 64. Rd1 Kg6 65. Bc3 f4 66. Bh8 Kf5
67. Bg7 Bb3 68. Rc1 Rd5 69. Re1 Rd2+ 70. Kg1 f3 71. Rc1 Kf4 72. Bc3 Rg2+ 73.
Kh1 Kg3 74. Be5+ Kxh3 75. Rf1 g4 76. Bd4 Rd2 77. Bg1 Bd1 78. Rxd1 g3 0-1

[Event "4NCL 3 North pool A"]
[Site "Wakefield, ENG ENG"]
[Date "2016.02.13"]
[Round "5.57"]
[White "Edwards, Simon R"]
[Black "Coward, Neil"]
[Result "1-0"]
[WhiteElo "2020"]
[BlackElo "1930"]
[PlyCount "63"]
[EventDate "2016.02.13"]
[WhiteTeam "Cheddleton 2"]
[BlackTeam "Manchester Manticores 3"]

1. e4 c5 2. Nc3 Nc6 3. f4 g6 4. Nf3 Bg7 5. Bb5 Nd4 6. O-O Nxb5 7. Nxb5 Nf6 8.
Nc3 O-O 9. Qe1 d6 10. d3 b6 11. Bd2 Bb7 12. Qh4 Qc8 13. h3 d5 14. e5 d4 15. Ng5
h6 16. exf6 hxg5 17. fxg5 exf6 18. gxf6 Bh8 19. Ne4 Bxe4 20. Qxe4 Re8 21. Qh4
Qc6 22. Bg5 Re2 23. Rf2 Rae8 24. Raf1 Qa4 25. Bh6 Rxf2 26. Rxf2 Qxa2 27. Bg7
Bxg7 28. fxg7 Kxg7 29. Qf6+ Kg8 30. b3 Kf8 31. Rf4 Qb1+ 32. Kh2 1-0

[Event "4NCL 3 North pool A"]
[Site "Wakefield, ENG ENG"]
[Date "2016.02.13"]
[Round "5.58"]
[White "Potter, Steven"]
[Black "Floresc, Petru"]
[Result "1-0"]
[WhiteElo "1915"]
[BlackElo "1973"]
[PlyCount "101"]
[EventDate "2016.02.13"]
[WhiteTeam "Manchester Manticores 3"]
[BlackTeam "Cheddleton 2"]

1. d4 Nf6 2. Bg5 Ne4 3. Bh4 d5 4. Nd2 g6 5. e3 Bg7 6. Bd3 f5 7. Ngf3 c5 8. c3
Nc6 9. O-O O-O 10. dxc5 Nxc5 11. Bc2 Qc7 12. Nb3 Qd6 13. Nbd4 a6 14. Rb1 e5 15.
Nxc6 bxc6 16. b4 Ne4 17. Bxe4 fxe4 18. Ng5 Qf6 19. Nf3 Qf5 20. Nd2 g5 21. Bg3
Qg6 22. a4 h5 23. f3 h4 24. Be1 exf3 25. Rxf3 Bf5 26. e4 dxe4 27. Re3 Rad8 28.
Qb3+ Kh7 29. Qc4 Rd3 30. Re2 e3 31. Nf3 Be4 32. Nxg5+ Qxg5 33. Qxe4+ Qf5 34.
Qxf5+ Rxf5 35. c4 Rf4 36. b5 Rxc4 37. b6 Rd8 38. b7 Rb8 39. Rxe3 e4 40. Rh3
Bd4+ 41. Bf2 Bxf2+ 42. Kxf2 Kg6 43. a5 Kg5 44. Rhb3 Ra4 45. Rb6 Ra2+ 46. Ke3
Kf5 47. Rxa6 Rd8 48. Rb3 Rdd2 49. b8=Q Re2+ 50. Kd4 Red2+ 51. Kc5 1-0

[Event "4NCL 3 North pool A"]
[Site "Wakefield, ENG ENG"]
[Date "2016.02.13"]
[Round "5.59"]
[White "Taylor, Robert"]
[Black "Livesey, R Nigel"]
[Result "0-1"]
[WhiteElo "1810"]
[BlackElo "1825"]
[PlyCount "102"]
[EventDate "2016.02.13"]
[WhiteTeam "Cheddleton 2"]
[BlackTeam "Manchester Manticores 3"]

1. c4 e6 2. g3 d5 3. Bg2 Nf6 4. Nc3 Be7 5. cxd5 exd5 6. d3 O-O 7. Bg5 c6 8. Nf3
h6 9. Bxf6 Bxf6 10. O-O Na6 11. a3 Be6 12. d4 Nc7 13. b4 a5 14. e3 Bf5 15. Re1
Re8 16. Qc1 Qd6 17. Qb2 axb4 18. axb4 Nb5 19. Nxb5 cxb5 20. Bf1 Bd7 21. Rxa8
Rxa8 22. Ra1 Ra4 23. Rb1 Qa6 24. Bd3 Be7 25. Qc3 Bh3 26. Bf1 Bf5 27. Bd3 Bxd3
28. Qxd3 Rxb4 29. Rxb4 Bxb4 30. Ne5 Bd6 31. Nf3 b4 32. Qb3 Qc6 33. Kg2 b5 34.
h3 Qc4 35. Nd2 Qc6 36. Nf3 Kf8 37. Nd2 Ke7 38. Kf3 Ke6 39. e4 Qc3+ 40. Qxc3
bxc3 41. Nb3 c2 42. exd5+ Kxd5 43. Ke3 Ba3 44. Kd2 c1=Q+ 45. Nxc1 Bxc1+ 46.
Kxc1 Kxd4 47. Kd2 Ke4 48. Ke2 b4 49. f3+ Kd4 50. Kd2 b3 51. g4 g5 0-1

[Event "4NCL 3 North pool A"]
[Site "Wakefield, ENG ENG"]
[Date "2016.02.13"]
[Round "5.60"]
[White "Blackmore, Graham W"]
[Black "Boswell, Jacob Connor"]
[Result "0-1"]
[WhiteElo "1817"]
[BlackElo "1840"]
[PlyCount "114"]
[EventDate "2016.02.13"]
[WhiteTeam "Manchester Manticores 3"]
[BlackTeam "Cheddleton 2"]

1. c4 e5 2. Nc3 Nf6 3. g3 c6 4. e4 Bc5 5. d3 d6 6. h3 Be6 7. Qc2 Nbd7 8. Nf3 d5
9. a3 a5 10. b3 d4 11. Ne2 b5 12. Bg2 h6 13. O-O bxc4 14. bxc4 O-O 15. Bd2 Bd6
16. Rfb1 Nc5 17. Ne1 a4 18. f4 Nb3 19. Ra2 Rb8 20. Nf3 Nxd2 21. Nxd2 exf4 22.
gxf4 Rxb1+ 23. Qxb1 Bc7 24. e5 Nh5 25. Qb4 f6 26. Bf3 Qe8 27. Qxa4 fxe5 28.
Qxc6 Qxc6 29. Bxc6 Nxf4 30. Nxf4 exf4 31. Kg2 Rf6 32. Be4 Bd7 33. a4 Ra6 34.
Nb3 Rxa4 35. Rxa4 Bxa4 36. Nxd4 Bd7 37. Nf5 Kf7 38. Nh4 g5 39. Nf3 Kf6 40. Nh2
h5 41. Nf3 g4 42. hxg4 hxg4 43. Nd2 Ke5 44. Nf1 Kd4 45. Kf2 Ba4 46. Nd2 Ba5 47.
Nf1 Bd1 48. Bf5 Bb4 49. Be4 Ke5 50. Bd5 Bb3 51. Ke2 g3 52. Bc6 Bc5 53. Nd2 Bc2
54. Nf3+ Kd6 55. d4 Kxc6 56. dxc5 Kxc5 57. Ne1 Be4 0-1

[Event "4NCL 3 North pool A"]
[Site "Wakefield, ENG ENG"]
[Date "2016.02.13"]
[Round "5.65"]
[White "White, Mark W"]
[Black "Polaczek, Richard"]
[Result "1/2-1/2"]
[WhiteElo "2068"]
[BlackElo "2427"]
[PlyCount "52"]
[EventDate "2016.02.13"]
[WhiteTeam "Jorvik"]
[BlackTeam "Broadland Bitterns"]

1. e4 e6 2. d4 d5 3. Bd3 c5 4. exd5 exd5 5. dxc5 Bxc5 6. Nf3 Nf6 7. O-O O-O 8.
h3 Nc6 9. Nc3 h6 10. Bf4 a6 11. Qd2 Re8 12. Rad1 Be6 13. a3 Rc8 14. Rfe1 Bf8
15. Ne5 Qb6 16. Nxc6 Rxc6 17. Be5 Rec8 18. Na4 Qd8 19. Qf4 Be7 20. Nc3 Qf8 21.
Ne2 Nd7 22. Nd4 Nxe5 23. Qxe5 Bf6 24. Qf4 Rb6 25. Rb1 Bxd4 26. Qxd4 Qc5 1/2-1/2

[Event "4NCL 3 North pool A"]
[Site "Wakefield, ENG ENG"]
[Date "2016.02.13"]
[Round "5.66"]
[White "Moore, Gerald"]
[Black "Mounce, Richard B"]
[Result "1/2-1/2"]
[WhiteElo "2107"]
[BlackElo "1972"]
[PlyCount "51"]
[EventDate "2016.02.13"]
[WhiteTeam "Broadland Bitterns"]
[BlackTeam "Jorvik"]

1. Nf3 d5 2. g3 Nf6 3. Bg2 Bf5 4. c4 dxc4 5. Na3 Be6 6. Qc2 Bd5 7. Nxc4 e6 8.
O-O Be7 9. d3 O-O 10. Bf4 c6 11. Nce5 Bxf3 12. Nxf3 Nd5 13. Bd2 Nd7 14. a3 Rc8
15. b4 Bf6 16. Rac1 Qe7 17. e4 Nc7 18. d4 e5 19. Be3 exd4 20. Nxd4 g6 21. Nb3
Nb5 22. a4 Nc3 23. Nd4 c5 24. bxc5 Rxc5 25. Nb5 Rc4 26. Nxc3 1/2-1/2

[Event "4NCL 3 North pool A"]
[Site "Wakefield, ENG ENG"]
[Date "2016.02.13"]
[Round "5.67"]
[White "Nezis, Anastasios"]
[Black "Hughes, Roy"]
[Result "0-1"]
[WhiteElo "1910"]
[BlackElo "2117"]
[PlyCount "110"]
[EventDate "2016.02.13"]
[WhiteTeam "Jorvik"]
[BlackTeam "Broadland Bitterns"]

1. e4 d5 2. exd5 Qxd5 3. Nc3 Qc6 4. d4 Nf6 5. Bc4 a6 6. Bb3 e6 7. Nge2 b5 8.
Bf4 Qb6 9. Qd2 c5 10. dxc5 Bxc5 11. Ng3 Bb7 12. f3 O-O 13. Qe2 Nc6 14. O-O-O
Nd4 15. Qe5 a5 16. Rxd4 Bxd4 17. Qxb5 Be3+ 18. Bxe3 Qxe3+ 19. Kb1 Rfb8 20. Qe2
Qxe2 21. Ngxe2 Rd8 22. Bc4 Ba6 23. Bxa6 Rxa6 24. Kc1 Kf8 25. Rd1 Rxd1+ 26. Kxd1
Rd6+ 27. Kc1 e5 28. Ng3 g6 29. b3 Rc6 30. Kb2 h5 31. a3 Ke7 32. Nf1 Ke6 33. Ne3
h4 34. Nc4 Ra6 35. b4 axb4 36. axb4 Nd5 37. Nb5 f5 38. c3 Ra8 39. Nca3 Rc8 40.
Kb3 Ne3 41. g3 Nf1 42. c4 Nxh2 43. gxh4 Nxf3 44. c5 Nd4+ 45. Kc4 Nxb5 46. Nxb5
f4 47. Nd6 Ra8 48. Ne4 Ra1 49. c6 Rc1+ 50. Kb5 f3 51. Kb6 Rc4 52. Nc5+ Kd6 53.
Nb7+ Ke7 54. b5 f2 55. Na5 f1=Q 0-1

[Event "4NCL 3 North pool A"]
[Site "Wakefield, ENG ENG"]
[Date "2016.02.13"]
[Round "5.68"]
[White "Saravanan, Karthik"]
[Black "Cowan, Richard M"]
[Result "1-0"]
[WhiteElo "1982"]
[BlackElo "1893"]
[PlyCount "67"]
[EventDate "2016.02.13"]
[WhiteTeam "Broadland Bitterns"]
[BlackTeam "Jorvik"]

1. e4 c6 2. d4 d5 3. Nc3 dxe4 4. Nxe4 Bf5 5. Ng3 Bg6 6. Nf3 Nd7 7. h4 h6 8. h5
Bh7 9. Bd3 Bxd3 10. Qxd3 e6 11. Bf4 Ngf6 12. O-O-O Qa5 13. a3 Be7 14. Rhe1
O-O-O 15. Ne5 Nxe5 16. Bxe5 Ng4 17. Qf3 Nxe5 18. Rxe5 Qc7 19. Kb1 Rxd4 20. Rxd4
Qxe5 21. Re4 Qf6 22. Rf4 Qe5 23. Rxf7 Bf6 24. Qb3 b5 25. Rxa7 Kb8 26. Ra4 Qe1+
27. Ka2 Qxf2 28. c4 Kc7 29. cxb5 Rb8 30. Rc4 Rb6 31. Rc2 Qd4 32. Qxe6 c5 33.
Qb3 Rd6 34. Nf5 1-0

[Event "4NCL 3 North pool A"]
[Site "Wakefield, ENG ENG"]
[Date "2016.02.13"]
[Round "5.69"]
[White "Anderson, Paul W"]
[Black "Bin-Suhayl, Ieysaa"]
[Result "0-1"]
[WhiteElo "1815"]
[BlackElo "1975"]
[PlyCount "58"]
[EventDate "2016.02.13"]
[WhiteTeam "Jorvik"]
[BlackTeam "Broadland Bitterns"]

1. c4 e6 2. Nc3 d5 3. cxd5 exd5 4. d4 c6 5. Nf3 Bf5 6. e3 Bd6 7. Bd3 Bxd3 8.
Qxd3 Nf6 9. O-O O-O 10. Re1 Nbd7 11. e4 dxe4 12. Nxe4 Nxe4 13. Rxe4 Nc5 14. Qc2
Nxe4 15. Qxe4 Re8 16. Qg4 Qc8 17. Qh5 Qe6 18. Bd2 Qg6 19. Qh3 c5 20. Be3 Rac8
21. Rc1 c4 22. Qd7 Qe6 23. Qa4 b5 24. Qxb5 Rb8 25. Qa4 Rxb2 26. d5 Qc8 27. Bd4
Rbe2 28. g3 Qf5 29. Be3 Qxf3 0-1

[Event "4NCL 3 North pool A"]
[Site "Wakefield, ENG ENG"]
[Date "2016.02.13"]
[Round "5.70"]
[White "Rahman, Yousuf"]
[Black "Flint, Martina"]
[Result "0-1"]
[WhiteElo "1822"]
[BlackElo "1826"]
[PlyCount "114"]
[EventDate "2016.02.13"]
[WhiteTeam "Broadland Bitterns"]
[BlackTeam "Jorvik"]

1. Nf3 g6 2. c4 Bg7 3. Nc3 d6 4. d4 e6 5. Bf4 Ne7 6. e3 O-O 7. Bd3 Nd7 8. e4 e5
9. Be3 c6 10. d5 c5 11. Qd2 f5 12. Bh6 f4 13. Bxg7 Kxg7 14. O-O-O h6 15. Rhg1
Nf6 16. g3 fxg3 17. fxg3 Bg4 18. Rdf1 Bh3 19. Re1 Nfxd5 20. exd5 Rxf3 21. Be4
Rf6 22. g4 Qd7 23. Rg3 Bxg4 24. Qg2 Bf5 25. Rg1 Raf8 26. h4 h5 27. Bxf5 Qxf5
28. Ne4 Qf4+ 29. Kb1 Qf5 30. Kc1 Qf4+ 31. Kb1 Qxh4 32. Nxf6 Rxf6 33. Rh3 Qxc4
34. Rxh5 Qd3+ 35. Kc1 Qe3+ 36. Kb1 Rf2 37. Qh1 Qd2 38. Rh7+ Kf8 39. Rh8+ Ng8
40. Qh6+ Qxh6 41. Rxh6 Nxh6 42. Rxg6 Nf7 43. Kc1 Ke7 44. Rg3 Kf6 45. Rb3 Nd8
46. Ra3 a6 47. Rh3 e4 48. Rh8 Nf7 49. Rb8 Ne5 50. Rf8+ Nf7 51. Rb8 e3 52. Rxb7
Ne5 53. Rb3 Nc4 54. Rc3 e2 55. Kc2 e1=Q+ 56. Kb3 Rxb2+ 57. Kxc4 Qe4# 0-1

[Event "4NCL 3 North pool A"]
[Site "Wakefield, ENG ENG"]
[Date "2016.02.13"]
[Round "5.75"]
[White "Watson, Phil R"]
[Black "Buckley, Colm"]
[Result "1-0"]
[WhiteElo "2167"]
[BlackElo "2020"]
[PlyCount "99"]
[EventDate "2016.02.13"]
[WhiteTeam "Bradford DCA Knights A"]
[BlackTeam "Spirit of Atticus C"]

1. d4 d5 2. c4 c6 3. cxd5 cxd5 4. Bf4 e6 5. Nc3 Bd6 6. Nh3 Nf6 7. e3 O-O 8. Bd3
Bxf4 9. Nxf4 Nc6 10. Rc1 Qd6 11. O-O Nxd4 12. Bxh7+ Kxh7 13. Qxd4 Bd7 14. Nd3
Bc6 15. e4 Qe7 16. e5 Nd7 17. f4 f6 18. Rce1 fxe5 19. Nxe5 a6 20. Nf3 Qc5 21.
Ng5+ Kg8 22. Nxe6 Qxd4+ 23. Nxd4 Nc5 24. g3 Rfe8 25. Rxe8+ Rxe8 26. Rd1 Kf7 27.
Nf5 Rd8 28. Ne2 Ne4 29. Ned4 Ba4 30. Rc1 Be8 31. Ne3 Nf6 32. Kg2 g6 33. Kf3 Rd6
34. Rc7+ Rd7 35. Rc2 Ke7 36. g4 Kd6 37. g5 Ne4 38. h4 Rh7 39. Ng2 Bd7 40. f5
Bxf5 41. Nxf5+ gxf5 42. Kf4 Ke6 43. Rc8 Nd6 44. Rg8 Kf7 45. Rd8 Ke7 46. g6 Kxd8
47. gxh7 Nf7 48. Kxf5 Ke7 49. Nf4 Kf8 50. Ng6+ 1-0

[Event "4NCL 3 North pool A"]
[Site "Wakefield, ENG ENG"]
[Date "2016.02.13"]
[Round "5.76"]
[White "Mort, Andrew J"]
[Black "Lang, Adam R"]
[Result "0-1"]
[WhiteElo "1920"]
[BlackElo "2149"]
[PlyCount "110"]
[EventDate "2016.02.13"]
[WhiteTeam "Spirit of Atticus C"]
[BlackTeam "Bradford DCA Knights A"]

1. c4 e5 2. g3 Nf6 3. Bg2 g6 4. Nc3 Bg7 5. Nf3 d6 6. O-O O-O 7. d3 h6 8. Rb1 a5
9. a3 Be6 10. b4 axb4 11. axb4 Nbd7 12. Bb2 c6 13. Ra1 Qb6 14. Na4 Qc7 15. Qd2
Rfd8 16. Rfc1 Kh7 17. Nc3 Qb6 18. Na4 Qc7 19. Nc3 d5 20. cxd5 Rxa1 21. Bxa1
Nxd5 22. Nxd5 Bxd5 23. b5 Qb6 24. bxc6 Bxc6 25. Qa2 Kg8 26. Nd2 Bxg2 27. Kxg2
Nc5 28. Kg1 Ne6 29. Nc4 Qc6 30. Bc3 Ng5 31. f3 b5 32. Na5 Qb6+ 33. Kg2 Ra8 34.
Qd2 Ne6 35. Bb4 Nd4 36. e3 Ne6 37. Rc6 Qd8 38. Rd6 Qc7 39. Rc6 Qd7 40. Rd6 Qe8
41. Bc3 Bf8 42. Rd5 f6 43. d4 exd4 44. Bxd4 Nxd4 45. Rxd4 Qe6 46. Re4 Qf7 47.
h4 b4 48. Nc4 b3 49. Rd4 Ra2 50. Nb2 Ba3 51. Rd8+ Kg7 52. Kh3 Rxb2 53. Qd4 Qe6+
54. g4 Re2 55. Rd7+ Be7 0-1

[Event "4NCL 3 North pool A"]
[Site "Wakefield, ENG ENG"]
[Date "2016.02.13"]
[Round "5.77"]
[White "Allis, Richard"]
[Black "McDonagh, Michael"]
[Result "1/2-1/2"]
[WhiteElo "2091"]
[BlackElo "1960"]
[PlyCount "115"]
[EventDate "2016.02.13"]
[WhiteTeam "Bradford DCA Knights A"]
[BlackTeam "Spirit of Atticus C"]

1. d4 Nf6 2. c4 c5 3. Nf3 cxd4 4. Nxd4 Nc6 5. Nxc6 bxc6 6. Nc3 d5 7. cxd5 cxd5
8. Bg5 e6 9. e4 Be7 10. Bxf6 Bxf6 11. Bb5+ Bd7 12. Qa4 Rb8 13. Bxd7+ Qxd7 14.
Qxd7+ Kxd7 15. exd5 Rxb2 16. dxe6+ Kxe6 17. Ne4 Rc8 18. O-O Rcc2 19. Rae1 Re2
20. Nxf6 Kxf6 21. Rxe2 Rxe2 22. Ra1 a5 23. a4 Ke6 24. g3 Re4 25. Kg2 Kd5 26.
Kf3 Rb4 27. g4 g5 28. Kg3 h6 29. f3 Kc4 30. h4 Kb3 31. h5 Rf4 32. Rb1+ Kxa4 33.
Rb6 f6 34. Rb7 Rb4 35. Rh7 Kb3 36. Rxh6 a4 37. Rxf6 a3 38. Re6 a2 39. Re1 Kb2
40. Re2+ Ka3 41. Re3+ Rb3 42. Re1 Rb1 43. Re5 Rb4 44. Re1 Rb1 45. Re8 a1=Q 46.
Ra8+ Kb2 47. Rxa1 Rxa1 48. h6 Rh1 49. h7 Kc3 50. f4 gxf4+ 51. Kxf4 Rxh7 52. g5
Rh1 53. g6 Kd4 54. Kf5 Kd5 55. g7 Rg1 56. Kf6 Kd6 57. Kf7 Rxg7+ 58. Kxg7
1/2-1/2

[Event "4NCL 3 North pool A"]
[Site "Wakefield, ENG ENG"]
[Date "2016.02.13"]
[Round "5.78"]
[White "Cooper, John G"]
[Black "Drabble, Andrew"]
[Result "1/2-1/2"]
[WhiteElo "1959"]
[BlackElo "2062"]
[PlyCount "103"]
[EventDate "2016.02.13"]
[WhiteTeam "Spirit of Atticus C"]
[BlackTeam "Bradford DCA Knights A"]

1. e4 c5 2. Nc3 e6 3. f4 d5 4. Bb5+ Bd7 5. Bxd7+ Qxd7 6. Nf3 Nc6 7. d3 Nf6 8.
O-O Be7 9. Ne5 Qc7 10. Nxc6 Qxc6 11. e5 Nd7 12. Qe1 f6 13. Qg3 g6 14. exf6 Bxf6
15. Bd2 O-O 16. Rae1 Rad8 17. Re2 Kh8 18. Rfe1 Rf7 19. b3 b5 20. Qf3 Re7 21. a3
a6 22. Nd1 Qc7 23. Nf2 Bd4 24. Kh1 Kg8 25. Ng4 Bg7 26. Ne5 Nxe5 27. fxe5 Rf7
28. Qg3 Rdf8 29. h4 Rf5 30. Bg5 Qf7 31. Kh2 h6 32. Bd2 Kh7 33. Qh3 Qc7 34. Qg3
R8f7 35. Kh3 Rf1 36. Kh2 Rxe1 37. Rxe1 Rf5 38. Bf4 Qf7 39. Bd2 Rh5 40. Kg1 Rf5
41. c4 Qd7 42. Bc3 bxc4 43. bxc4 d4 44. Ba5 Qa4 45. Bc7 h5 46. Rf1 Rxf1+ 47.
Kxf1 Qd1+ 48. Kf2 Bh6 49. Qf3 Be3+ 50. Kg3 Qe1+ 51. Kh3 Qh1+ 52. Kg3 1/2-1/2

[Event "4NCL 3 North pool A"]
[Site "Wakefield, ENG ENG"]
[Date "2016.02.13"]
[Round "5.79"]
[White "Jennings, Roger W"]
[Black "Lloyd, Stephen M"]
[Result "1-0"]
[WhiteElo "2088"]
[BlackElo "1772"]
[PlyCount "89"]
[EventDate "2016.02.13"]
[WhiteTeam "Bradford DCA Knights A"]
[BlackTeam "Spirit of Atticus C"]

1. g3 g6 2. Bg2 Bg7 3. Nf3 c5 4. O-O Nc6 5. c4 e5 6. Nc3 Nge7 7. d3 O-O 8. Bg5
f6 9. Bd2 d6 10. Qc1 Be6 11. Bh6 Qd7 12. Bxg7 Kxg7 13. Re1 f5 14. Ng5 Bg8 15.
f4 Rad8 16. e3 Rfe8 17. Qd2 h6 18. Nf3 e4 19. dxe4 Bxc4 20. Nd5 Bxd5 21. exd5
Nb4 22. Nh4 Rf8 23. a3 Na6 24. e4 Nc7 25. exf5 Nxf5 26. Bh3 Qf7 27. Bxf5 gxf5
28. Rad1 Rfe8 29. Qd3 Rf8 30. Ng2 Rde8 31. Ne3 b5 32. Re2 Re4 33. Nxf5+ Qxf5
34. Qxe4 Qxe4 35. Rxe4 Rf5 36. Re7+ Rf7 37. Rxf7+ Kxf7 38. Kf2 c4 39. Ke3 Na6
40. a4 Nc7 41. Kd4 a6 42. Ra1 Kf6 43. axb5 axb5 44. Ra7 Ne8 45. Rb7 1-0

[Event "4NCL 3 North pool A"]
[Site "Wakefield, ENG ENG"]
[Date "2016.02.13"]
[Round "5.80"]
[White "Emerton, Keith"]
[Black "Nicholson, Jim W R"]
[Result "0-1"]
[WhiteElo "1772"]
[BlackElo "2006"]
[PlyCount "64"]
[EventDate "2016.02.13"]
[WhiteTeam "Spirit of Atticus C"]
[BlackTeam "Bradford DCA Knights A"]

1. Nf3 d5 2. g3 c5 3. Bg2 Nc6 4. O-O Bg4 5. d3 Nf6 6. Nbd2 Qd7 7. Re1 e5 8. e4
d4 9. a4 Bd6 10. Nc4 Bc7 11. Bg5 Ng8 12. Bd2 h5 13. Qc1 Bh3 14. Bxh3 Qxh3 15.
Ng5 Qd7 16. Nf3 Nge7 17. Kg2 h4 18. Nxh4 Rxh4 19. gxh4 Qg4+ 20. Kh1 Qf3+ 21.
Kg1 Ng6 22. Qd1 Qh3 23. Kh1 Nxh4 24. Rg1 Nf3 25. Rg2 O-O-O 26. Bf4 exf4 27. Nd2
Nce5 28. Nf1 Rh8 29. Qe2 Ng4 30. Rb1 Ngxh2 31. Nxh2 Qxh2+ 32. Rxh2 Rxh2# 0-1

[Event "4NCL 3 North pool A"]
[Site "Wakefield, ENG ENG"]
[Date "2016.02.13"]
[Round "5.85"]
[White "Bentley, John L"]
[Black "Turner, John M"]
[Result "0-1"]
[WhiteElo "2158"]
[BlackElo "2023"]
[PlyCount "82"]
[EventDate "2016.02.13"]
[WhiteTeam "3Cs 2"]
[BlackTeam "Holmes Chapel"]

1. d4 d5 2. Bf4 Nf6 3. e3 e6 4. Nf3 Bd6 5. Bg3 O-O 6. Nbd2 c5 7. c3 b6 8. Bd3
Bb7 9. Ne5 Nc6 10. f4 Ne7 11. Bh4 Ne4 12. Bxe4 dxe4 13. Qc2 cxd4 14. Bxe7 Qxe7
15. cxd4 Rac8 16. Qd1 f6 17. Ng4 e5 18. dxe5 fxe5 19. f5 Rxf5 20. Nf2 Rcf8 21.
Qb3+ Kh8 22. O-O Ba6 23. Nc4 Bc5 24. Nd2 Bxf1 25. Rxf1 Qf7 26. Qxf7 R8xf7 27.
Nd1 Rxf1+ 28. Nxf1 Rd7 29. Nc3 Kg8 30. Kf2 Kf7 31. Ke2 Ke6 32. Nxe4 h6 33. Nfd2
Bb4 34. Nf3 g5 35. h3 Rc7 36. a3 Be7 37. Kd2 Rc4 38. Nf2 Bf6 39. b3 Rc8 40. Ne4
Be7 41. a4 Bb4+ 0-1

[Event "4NCL 3 North pool A"]
[Site "Wakefield, ENG ENG"]
[Date "2016.02.13"]
[Round "5.86"]
[White "Bennett, Patrick"]
[Black "Adams, Philip"]
[Result "1-0"]
[WhiteElo "2012"]
[BlackElo "2050"]
[PlyCount "63"]
[EventDate "2016.02.13"]
[WhiteTeam "Holmes Chapel"]
[BlackTeam "3Cs 2"]

1. d4 Nf6 2. c4 g6 3. g3 Bg7 4. Bg2 O-O 5. Nf3 d6 6. O-O Nc6 7. Nc3 a6 8. b3
Rb8 9. Bb2 b5 10. cxb5 axb5 11. d5 Na5 12. Nd4 b4 13. Na4 Bd7 14. Qc2 Qc8 15.
Rfc1 Ne8 16. Qd3 f5 17. Nc6 Nxc6 18. dxc6 Be6 19. Bxg7 Nxg7 20. Nb2 f4 21. Qd2
Nh5 22. Nd3 Bh3 23. Bd5+ e6 24. Bf3 fxg3 25. Bxh5 gxh5 26. hxg3 e5 27. Nxb4 Qg4
28. Rc4 Rf4 29. Rxf4 exf4 30. Nd5 Rf8 31. Nxf4 h4 32. Nxh3 1-0

[Event "4NCL 3 North pool A"]
[Site "Wakefield, ENG ENG"]
[Date "2016.02.13"]
[Round "5.87"]
[White "Clarke, Stuart W"]
[Black "Doran, Chris"]
[Result "1/2-1/2"]
[WhiteElo "2065"]
[BlackElo "1977"]
[PlyCount "37"]
[EventDate "2016.02.13"]
[WhiteTeam "3Cs 2"]
[BlackTeam "Holmes Chapel"]

1. e4 c5 2. c3 g6 3. d4 cxd4 4. cxd4 d5 5. Nc3 dxe4 6. Bc4 Nc6 7. Nge2 Nf6 8.
Qb3 e6 9. d5 exd5 10. Nxd5 Nxd5 11. Bxd5 Qf6 12. Bd2 Bc5 13. O-O O-O 14. Bc3
Nd4 15. Qc4 Nxe2+ 16. Qxe2 Bd4 17. Bxd4 Qxd4 18. Rfd1 Qe5 19. Qxe4 1/2-1/2

[Event "4NCL 3 North pool A"]
[Site "Wakefield, ENG ENG"]
[Date "2016.02.13"]
[Round "5.88"]
[White "Scattergood, Ben"]
[Black "Burke, Mitchell R"]
[Result "0-1"]
[WhiteElo "1938"]
[BlackElo "2050"]
[PlyCount "56"]
[EventDate "2016.02.13"]
[WhiteTeam "Holmes Chapel"]
[BlackTeam "3Cs 2"]

1. e4 c5 2. Nf3 d6 3. d3 g6 4. g3 Bg7 5. Bg2 Nc6 6. O-O e6 7. c3 Nge7 8. Bf4
O-O 9. Re1 b5 10. a3 e5 11. Be3 Bg4 12. Nbd2 Qd7 13. b4 cxb4 14. axb4 a5 15.
bxa5 Nxa5 16. Nb3 Nxb3 17. Qxb3 Be6 18. Qb2 Rxa1 19. Rxa1 Qc6 20. Ra7 Nc8 21.
Ra5 Bd7 22. d4 Nb6 23. d5 Qc7 24. Qa2 Nc4 25. Ra7 Qc8 26. Qb3 Nxe3 27. fxe3 Bh6
28. Kf2 Bxe3+ 0-1

[Event "4NCL 3 North pool A"]
[Site "Wakefield, ENG ENG"]
[Date "2016.02.13"]
[Round "5.90"]
[White "Roberts, Malcolm A"]
[Black "McLean, Robert"]
[Result "0-1"]
[WhiteElo "1735"]
[BlackElo "1915"]
[PlyCount "74"]
[EventDate "2016.02.13"]
[WhiteTeam "Holmes Chapel"]
[BlackTeam "3Cs 2"]

1. e4 e6 2. Nf3 d5 3. exd5 exd5 4. d4 Bd6 5. Bd3 Nf6 6. h3 O-O 7. O-O Re8 8.
Bg5 Nbd7 9. Nc3 c6 10. Qd2 Nf8 11. Rfe1 Ne6 12. Be3 Qc7 13. Ng5 Nf4 14. Bf1 Bf5
15. Ne2 Nxe2+ 16. Bxe2 h6 17. Nf3 Ne4 18. Qc1 Re6 19. Nh4 Bh7 20. c4 Rf6 21.
cxd5 Bh2+ 22. Kh1 Rxf2 23. Qc4 Ng3+ 24. Kxh2 Nxe2+ 25. Kh1 Ng3+ 26. Kg1 Rxb2
27. Rac1 Be4 28. Nf3 Bxf3 29. gxf3 Qd7 30. Rc2 Qxh3 31. Rec1 Rxc2 32. Rxc2 cxd5
33. Qc7 Re8 34. Qc3 Qh1+ 35. Kf2 Qh2+ 36. Ke1 Qg1+ 37. Kd2 Nf1+ 0-1

[Event "4NCL 3 North pool B"]
[Site "Wakefield, ENG ENG"]
[Date "2015.11.15"]
[Round "2.95"]
[White "Armstrong, William G"]
[Black "Kay, Lee P"]
[Result "1/2-1/2"]
[WhiteElo "1817"]
[BlackElo "2050"]
[PlyCount "84"]
[EventDate "2015.11.15"]
[WhiteTeam "Cheddleton 3"]
[BlackTeam "Manchester Manticores 1"]

1. d4 e6 2. Nf3 f5 3. d5 Bd6 4. Nc3 c6 5. e4 exd5 6. exd5 Nf6 7. Be2 O-O 8. O-O
Bb4 9. dxc6 bxc6 10. Na4 d5 11. c4 Re8 12. a3 Bd6 13. Bg5 Ba6 14. Re1 Nbd7 15.
cxd5 Bxe2 16. Rxe2 cxd5 17. Rd2 Qb8 18. Rxd5 Nxd5 19. Qxd5+ Kh8 20. Rd1 Ne5 21.
Qxd6 Nxf3+ 22. gxf3 Re1+ 23. Kg2 Rxd1 24. Qxd1 h6 25. Be3 Qe8 26. Nc3 Rd8 27.
Qf1 Qg6+ 28. Kh1 Rb8 29. Qc1 Qh5 30. Kg2 Qg6+ 31. Kf1 Rc8 32. Qd2 Qh5 33. Ke2
Qxh2 34. Qd7 Rf8 35. Qxa7 Qd6 36. Qd4 Qa6+ 37. Qd3 Qb7 38. f4 Qxb2+ 39. Kf3
Qxa3 40. Bd4 Qa8+ 41. Kg3 Qh1 42. Qf3 Qg1+ 1/2-1/2

[Event "4NCL 3 North pool B"]
[Site "Wakefield, ENG ENG"]
[Date "2015.11.15"]
[Round "2.96"]
[White "Duke, Michael"]
[Black "Boswell, Jacob Connor"]
[Result "0-1"]
[WhiteElo "2050"]
[BlackElo "1787"]
[PlyCount "94"]
[EventDate "2015.11.15"]
[WhiteTeam "Manchester Manticores 1"]
[BlackTeam "Cheddleton 3"]

1. Nf3 e6 2. g3 d6 3. d4 f5 4. Bg2 Nf6 5. O-O Be7 6. c4 O-O 7. Nc3 Qe8 8. Qc2
Nbd7 9. d5 exd5 10. Nxd5 Nxd5 11. cxd5 Bd8 12. Bg5 Nf6 13. Nd4 a6 14. Rfd1 h6
15. Bd2 Ne4 16. Ba5 c5 17. Bxd8 Qxd8 18. Ne6 Bxe6 19. dxe6 Qe7 20. Bxe4 fxe4
21. Qxe4 Rf6 22. Rd2 Rxe6 23. Qc4 Kh8 24. Rad1 Re8 25. a3 b5 26. Qd5 Rd8 27. b3
Rf6 28. Rc2 Rc8 29. Rcd2 Rd8 30. a4 Qc7 31. b4 Rc8 32. axb5 axb5 33. bxc5 dxc5
34. Qb3 b4 35. Qc4 Qb6 36. Rd7 Rb8 37. Rc1 b3 38. Rb1 Qb4 39. Qd5 c4 40. Rc7 c3
41. Qd7 Rg8 42. Qd3 Qa5 43. Qxc3 Qa2 44. Qb2 Rd8 45. Rc2 bxc2 46. Qxa2 Rd1+ 47.
Rxd1 cxd1=Q+ 0-1